El Banco de la Republica o la Banca Central Colombiana: (Registro nro. 12062)

Detalles MARC
000 -LEADER
fixed length control field 01690nam a2200205Ia 4500
003 - CONTROL NUMBER IDENTIFIER
control field OSt
005 - DATE AND TIME OF LATEST TRANSACTION
control field 20210729151318.0
008 - FIXED-LENGTH DATA ELEMENTS--GENERAL INFORMATION
fixed length control field 210310s1983 ck ado gr 000 0 spa d
040 ## - CATALOGING SOURCE
Original cataloging agency CO-JMCR
Transcribing agency CO-JMCR
041 0# - LANGUAGE CODE
Language code of text/sound track or separate title spa
082 04 - DEWEY DECIMAL CLASSIFICATION NUMBER
Classification number 332.11 /
Item number G184b
Edition number 23
100 1# - MAIN ENTRY--PERSONAL NAME
Personal name Gama Quijano, Rafael,
Relator term autor
9 (RLIN) 27188
245 13 - TITLE STATEMENT
Title El Banco de la Republica o la Banca Central Colombiana:
Remainder of title 1923-1983 /
Statement of responsibility, etc. Rafael Gama Quijano
260 ## - PUBLICATION, DISTRIBUTION, ETC.
Place of publication, distribution, etc. Bogotá :
Name of publisher, distributor, etc. Banco de la republica,
Date of publication, distribution, etc. 1983.
300 ## - PHYSICAL DESCRIPTION
Other physical details 182 páginas :
Extent ilustraciones, gráficas y fotografías en blanco y negro ;
Dimensions 24 cm.
505 0# - FORMATTED CONTENTS NOTE
Formatted contents note La banca central. -- El banco de la república y la evolución económica financiera en Colombia. -- El banco de la republica y los organismos financieros internacionales. -- El papel de la banca central en las políticas de estabilización económica. -- El papel del banco de la república en la poli tica de estabilización. -- El papel de los bancos centrales en el campo de la investigación económica. -- El banco de la república y el manejo de las reservas internacionales. -- El régimen general de producción y negociación del oro y el platino en nuestro país. -- El sistema de la cámara interbancaria de compensación de cheques y otros títulos valores. -- El banco de la república y la cuenta especial. -- La banca y el sistema financiero en Colombia, en los últimos años. -- El legislador y el banco de la república. -- El banco de la república y la crisis financiera de 1982. -- Principales normas orgánicas sobre el banco de la republica expedidas a partir de 1973.
650 14 - SUBJECT ADDED ENTRY--TOPICAL TERM
Topical term or geographic name entry element Banca
Geographic subdivision Colombia.
9 (RLIN) 38879
650 24 - SUBJECT ADDED ENTRY--TOPICAL TERM
Topical term or geographic name entry element El papel del banco
Geographic subdivision Colombia
9 (RLIN) 38893
942 ## - ADDED ENTRY ELEMENTS (KOHA)
Source of classification or shelving scheme Dewey Decimal Classification
Koha item type Books
Existencias
Withdrawn status Lost status Source of classification or shelving scheme Damaged status Not for loan Home library Current library Shelving location Date acquired Source of acquisition Full call number Barcode Date last seen Copy number Price effective from Koha item type Total Checkouts
    Dewey Decimal Classification     Biblioteca Pública José María del Castillo y Rada Biblioteca Pública José María del Castillo y Rada General Stacks 04/15/2018 Donación 332.11 / G184b 430003990 05/16/2024 Ej.2 03/10/2021 Books  
    Dewey Decimal Classification     Biblioteca Pública José María del Castillo y Rada Biblioteca Pública José María del Castillo y Rada General Stacks 04/15/2018 Donación 332.11 / G184b 430002345 05/16/2024 Ej.1 03/10/2021 Books